000 00532nam a2200217Ia 4500
003 OSt
005 20220918194042.0
006 a|||||r|||| 00| 0
007 ta
008 220917b |||||||| |||| 00| 0 eng d
024 _a77,237
037 _cTextual
040 _aARTS
_cARTS
_beng
041 _2eng
_aeng
082 _aR858, K5.1-.3
100 _aEdie James M ed
_980345
245 0 _aRussian philosophy
260 _c1965
942 _hR858, K5.1-.3
_cTEXL
_2CC
999 _c201295
_d201295